[Event "Piacenza Ruscitti Memorial 2nd"]
[Site "Piacenza"]
[Date "2023.11.19"]
[Round "3"]
[White "Cebanu, Alice"]
[Black "Losi, Paolo"]
[Result "1/2-1/2"]
[WhiteElo "1386"]
[BlackElo "1608"]
[PlyCount "98"]
[EventDate "2023.11.18"]
[EventType "swiss"]
[EventRounds "5"]
[EventCountry "ITA"]
[SourceTitle "CB48_2023"]
[SourceDate "2023.11.29"]
[SourceVersion "1"]
[SourceVersionDate "2023.11.29"]
[SourceQuality "1"]

1. e4 Nf6 2. e5 Nd5 3. Nc3 Nxc3 4. dxc3 Nc6 5. Nf3 h6 6. Bc4 e6 7. Be3 Be7 8. Qe2 d6 9. exd6 Bxd6 10. 0-0-0 Bd7 11. Nd4 a6 12. Qg4 Qf6 13. Nxc6 Bxc6 14. Bd4 Qf4+ 15. Qxf4 Bxf4+ 16. Kb1 0-0-0 17. Bxg7 Rxd1+ 18. Rxd1 Rg8 19. Bf6 Bxg2 20. h4 Bf3 21. Re1 Rg2 22. Rf1 b5 23. Bd3 Kd7 24. c4 c6 25. cxb5 axb5 26. c4 bxc4 27. Bxc4 Be4+ 28. Ka1 Bd5 29. Bd3 c5 30. a4 c4 31. Bc2 Kc6 32. Bd4 e5 33. Ba7 Rh2 34. a5 Rxh4 35. Ba4+ Kb7 36. Bb6 Rh1 37. Rxh1 Bxh1 38. Bb5 Bd5 39. Bd8 e4 40. Bb6 h5 41. Bd4 h4 42. a6+ Ka8 43. Bd7 Bg5 44. Kb1 f6 45. Kc2 Kb8 46. a7+ Kc7 47. Be6 Ba8 48. Kc3 Kd6 49. Bh3 Bd5 1/2-1/2